00834cam a2200205Mi 450000500170000000800410001702000180005803500210007604000500009710000270014724501250017426000520029930000230035149000520037450200670042665000420049365000270053565000340056265000320059620180220104901.0180220s2012 fr fr 000 0 fre d a9782275038889 a(OCoLC)810649853 aCO-BoUCMbspacSandra PalaciodSandra Palacio1 aDebourg, Claired1981-14aLes contrariétés de décisions dans l'arbitrage internationalcClaire Debourg ; prefacio de François-Xavier Train aParis (Francia)bLGDJ Lextenso éditionsc2012 axii, 664 páginas0 aBibliothèque de droit privéx0520-0261v540 aTexto revisado de: Tesis doctoral - Derecho - París 10, 201117aArbitramento comercial internacional  7aDerecho internacional  7aDerecho internacional privado 7aArbitramento internacional